<?xml version="1.0" encoding="UTF-8"?>
<record
    xmlns:xsi="http://www.w3.org/2001/XMLSchema-instance"
    xsi:schemaLocation="http://www.loc.gov/MARC21/slim http://www.loc.gov/standards/marcxml/schema/MARC21slim.xsd"
    xmlns="http://www.loc.gov/MARC21/slim">

  <leader>01180cam a2200361 a 4500</leader>
  <datafield tag="999" ind1=" " ind2=" ">
    <subfield code="c">23692</subfield>
    <subfield code="d">23692</subfield>
  </datafield>
  <controlfield tag="001">vtls009949044</controlfield>
  <controlfield tag="005">20241216141924.0</controlfield>
  <controlfield tag="008">240318s2009    xo ol  f      000 0 slo  </controlfield>
  <datafield tag="020" ind1=" " ind2=" ">
    <subfield code="a">9788080613624</subfield>
    <subfield code="q">(viaz.)</subfield>
  </datafield>
  <datafield tag="035" ind1=" " ind2=" ">
    <subfield code="a">6A6D6ACA-D099-405F-9F3F-A41217D0310E</subfield>
  </datafield>
  <datafield tag="035" ind1=" " ind2=" ">
    <subfield code="a">urn:nbn:sk:snk-amk28g</subfield>
  </datafield>
  <datafield tag="035" ind1=" " ind2=" ">
    <subfield code="a">urn:nbn:sk:snk-am0086r5</subfield>
  </datafield>
  <datafield tag="040" ind1=" " ind2=" ">
    <subfield code="a">SNK</subfield>
    <subfield code="b">slo</subfield>
    <subfield code="c">SNK</subfield>
    <subfield code="e">AACR2</subfield>
  </datafield>
  <datafield tag="041" ind1="0" ind2=" ">
    <subfield code="a">slo</subfield>
  </datafield>
  <datafield tag="044" ind1=" " ind2=" ">
    <subfield code="a">xo</subfield>
    <subfield code="c">SK</subfield>
  </datafield>
  <datafield tag="072" ind1=" " ind2="7">
    <subfield code="a">575</subfield>
    <subfield code="x">V&#x161;eobecn&#xE1; genetika. V&#x161;eobecn&#xE1; cytogenetika. Evol&#xFA;cia</subfield>
    <subfield code="2">konspekt</subfield>
  </datafield>
  <datafield tag="080" ind1=" " ind2=" ">
    <subfield code="a">575.858</subfield>
    <subfield code="2">2001</subfield>
  </datafield>
  <datafield tag="080" ind1=" " ind2=" ">
    <subfield code="a">001.5</subfield>
    <subfield code="2">2001</subfield>
  </datafield>
  <datafield tag="080" ind1=" " ind2=" ">
    <subfield code="a">(0:82-4)</subfield>
    <subfield code="2">2001</subfield>
  </datafield>
  <datafield tag="100" ind1="1" ind2=" ">
    <subfield code="a">Malohrad&#x148;ansk&#xFD;, Pa&#x13E;o,</subfield>
    <subfield code="d">1934-</subfield>
    <subfield code="4">aut</subfield>
    <subfield code="9">4264</subfield>
  </datafield>
  <datafield tag="245" ind1="1" ind2="0">
    <subfield code="a">O &#x17E;ivote bez vedy (?)</subfield>
    <subfield code="c">Pa&#x13E;o Malohrad&#x148;ansk&#xFD;</subfield>
  </datafield>
  <datafield tag="250" ind1=" " ind2=" ">
    <subfield code="a">1. vyd.</subfield>
  </datafield>
  <datafield tag="260" ind1=" " ind2=" ">
    <subfield code="a">Bratislava</subfield>
    <subfield code="b">Vydavate&#x13E;stvo Spolku slovensk&#xFD;ch spisovate&#x13E;ov</subfield>
    <subfield code="c">2009</subfield>
  </datafield>
  <datafield tag="300" ind1=" " ind2=" ">
    <subfield code="a">92 s.</subfield>
    <subfield code="b">fotogr., sch.</subfield>
    <subfield code="c">21 cm</subfield>
  </datafield>
  <datafield tag="500" ind1=" " ind2=" ">
    <subfield code="a">Pozn.</subfield>
  </datafield>
  <datafield tag="650" ind1="0" ind2="7">
    <subfield code="a">evolu&#x10D;n&#xE9; te&#xF3;rie</subfield>
    <subfield code="2">SNKPH</subfield>
    <subfield code="9">4265</subfield>
  </datafield>
  <datafield tag="650" ind1="0" ind2="7">
    <subfield code="a">vedeck&#xE9; te&#xF3;rie</subfield>
    <subfield code="2">SNKPH</subfield>
    <subfield code="9">4266</subfield>
  </datafield>
  <datafield tag="650" ind1="0" ind2="7">
    <subfield code="a">Evolutionary theories</subfield>
    <subfield code="2">SNKPHeng</subfield>
    <subfield code="9">4267</subfield>
  </datafield>
  <datafield tag="650" ind1="0" ind2="7">
    <subfield code="a">Scientific theories</subfield>
    <subfield code="2">SNKPHeng</subfield>
    <subfield code="9">4268</subfield>
  </datafield>
  <datafield tag="655" ind1=" " ind2="7">
    <subfield code="a">&#xFA;vahy</subfield>
    <subfield code="2">SNKPH</subfield>
    <subfield code="9">1703</subfield>
  </datafield>
  <datafield tag="655" ind1=" " ind2="7">
    <subfield code="a">Essays</subfield>
    <subfield code="2">SNKPHeng</subfield>
    <subfield code="9">1704</subfield>
  </datafield>
  <datafield tag="958" ind1=" " ind2=" ">
    <subfield code="a">NB</subfield>
  </datafield>
  <datafield tag="952" ind1=" " ind2=" ">
    <subfield code="0">0</subfield>
    <subfield code="1">0</subfield>
    <subfield code="2">udc</subfield>
    <subfield code="4">0</subfield>
    <subfield code="7">0</subfield>
    <subfield code="8">D</subfield>
    <subfield code="a">10000</subfield>
    <subfield code="b">10000</subfield>
    <subfield code="d">2024-12-16</subfield>
    <subfield code="g">0.00</subfield>
    <subfield code="i">22023</subfield>
    <subfield code="o">S1549</subfield>
    <subfield code="p">S1549</subfield>
    <subfield code="r">2024-12-16</subfield>
    <subfield code="w">2024-12-16</subfield>
    <subfield code="y">OLDO</subfield>
  </datafield>
</record>
